01417nam a2200169Ia 4500008004100000020001500041050002200056100004300078245010900121250001800230260004700248300001800295500006000313505080600373650003501179650003301214120626s2006 mx 000 0 spa d a9706863842 aQ180.M4bE97 20061 aEyssautier de la Mora, Mauriceeautora aMetodología de la investigación c/ Maurice, Eyssautier de la Morab: Desarrollo de la Inteligencia a5a. edición aMéxico b: International Thomsonc, 2006 a319 páginas aIncluye: Contenido, Prólogo, Glosario, Bibliografía a1. Procesos metodológicos para el desarrollo intelectual y científica Metódica intelectual Ciencia, técnica, método y obra intelectual Conocimiento y pensamiento científico El método científico de investigación 2. Procesos de investigación para desarrollo de la inteligencia científica La investigación científica y las etapas del proceso investigador El tema de investigación y el planteamiento del problema La información y el acopio de antecedentes de la investigación Variables científicas y marco teórico de trabajo Hipótesis científica Planeación de la muestra y muestreo Métodos de investigación Tratamiento, procesamiento y análisis de datos Comunicación efectiva Presentación de trabajos de investigación  aINVESTIGACIÓNxMETODOLOGÍA aINVESTIGACIÓN CIENTÍFICA